[Event "ICS rated standard match"]
[Site "204.178.125.65"]
[Date "2000.04.16"]
[Round "?"]
[White "harimau"]
[Black "Hossa"]
[Result "1-0"]
[WhiteElo "2135"]
[BlackElo "2341"]
[PlyCount "147"]

1. e4 e5 2. Nf3 Nc6 3. Bb5 a6 4. Ba4 Nf6 5. O-O Be7 6. Re1 b5 7. Bb3 O-O 8. a4
Bb7 9. d3 d6 10. Nbd2 Na5 11. Ba2 bxa4 12. Nf1 Bc8 13. Ne3 Rb8 14. Bd2 Nc6 15.
Bc4 Rxb2 16. Rxa4 Rb6 17. Qa1 Nb8 18. Ba5 Rb7 19. Ra2 Be6 20. Bxe6 fxe6 21. Rb1
Rxb1+ 22. Qxb1 Qc8 23. Qb3 Nh5 24. Qc4 c5 25. Nf5 Rf7 26. Nxe7+ Rxe7 27. Rb2
Nf4 28. Rb6 d5 29. Qb3 Nd7 30. Rd6 Re8 31. Qa4 Nf6 32. Rc6 Qb7 33. exd5 Qb1+
34. Ne1 Qd1 35. dxe6 Ng4 36. h3 Ne2+ 37. Kh1 Nxf2+ 38. Kh2 Qc1 39. Rxa6 Qf4+
40. Qxf4 Nxf4 41. Bd2 Nxe6 42. Kg1 Nxd3 43. cxd3 Nd4 44. Be3 e4 45. Bxd4 cxd4
46. dxe4 Rxe4 47. Kf2 g5 48. Nf3 g4 49. hxg4 Rxg4 50. Rd6 d3 51. Rxd3 Rf4 52.
Rd4 Rf5 53. Ke3 Rb5 54. Rd7 h5 55. g3 Rc5 56. Kf4 Rc2 57. Rd5 Rc4+ 58. Kg5 Rc3
59. Rf5 Rc1 60. Kxh5 Rc3 61. g4 Rc1 62. g5 Kg7 63. g6 Rf1 64. Nh4 Rh1 65. Rf7+
Kg8 66. Kg5 Rg1+ 67. Kf6 Rb1 68. Nf5 Rb6+ 69. Kg5 Rb5 70. Kh6 Re5 71. Ne7+ Rxe7
72. Rxe7 Kf8 73. Re6 Kg8 74. Re8# 1-0

[Event "ICS rated blitz match"]
[Site "204.178.125.65"]
[Date "2000.04.16"]
[Round "?"]
[White "lupica"]
[Black "Hossa"]
[Result "1/2-1/2"]
[WhiteElo "2142"]
[BlackElo "2483"]
[PlyCount "86"]

1. e4 e5 2. Nf3 Nc6 3. Bb5 a6 4. Ba4 Nf6 5. O-O Be7 6. Re1 b5 7. Bb3 O-O 8. a4
b4 9. d3 d6 10. h3 Be6 11. Nbd2 Na5 12. Bxe6 fxe6 13. b3 Nd7 14. Nf1 Nc6 15.
Be3 Qe8 16. d4 exd4 17. Nxd4 Nxd4 18. Bxd4 Qf7 19. Qe2 c5 20. Bb2 Bh4 21. g3
Be7 22. f4 e5 23. f5 d5 24. g4 c4 25. exd5 Bc5+ 26. Kg2 c3 27. Bc1 Qxd5+ 28.
Qf3 Qf7 29. Be3 Ba7 30. Bxa7 Rxa7 31. Rad1 Qe7 32. Qd5+ Kh8 33. Ne3 Nf6 34. Qd6
Qb7+ 35. Kh2 Re8 36. Nd5 Nxd5 37. Qxd5 Qb8 38. Kg2 Rae7 39. Re4 Qb6 40. Qd6 Qb7
41. Qd5 Qb8 42. Qd6 Qb7 43. Qd5 Qb8 1/2-1/2

[Event "ICS rated blitz match"]
[Site "204.178.125.65"]
[Date "2000.04.16"]
[Round "?"]
[White "Hossa"]
[Black "GreatPatzer"]
[Result "1-0"]
[WhiteElo "2471"]
[BlackElo "2165"]
[PlyCount "64"]

1. e4 c6 2. d4 d5 3. Nc3 dxe4 4. Nxe4 Bf5 5. Ng3 Bg6 6. h4 h6 7. Nf3 e6 8. Ne5
Bh7 9. Bd3 Bxd3 10. Qxd3 Nf6 11. O-O Nbd7 12. Qb3 Qb6 13. Nxd7 Nxd7 14. Qd3
O-O-O 15. Re1 Nf6 16. c3 Bd6 17. Ne4 Nxe4 18. Qxe4 h5 19. g3 Qb5 20. b4 Qd5 21.
Qe2 Rde8 22. Be3 Qf5 23. Rab1 e5 24. b5 Qd7 25. Qc4 exd4 26. cxd4 Qg4 27. bxc6
Bxg3 28. cxb7+ Kb8 29. Kf1 Qf3 30. Rec1 Qh1+ 31. Ke2 Rxe3+ 32. fxe3 Qg2+ 1-0

[Event "ICS rated standard match"]
[Site "204.178.125.65"]
[Date "2000.04.16"]
[Round "?"]
[White "Hossa"]
[Black "harimau"]
[Result "0-1"]
[WhiteElo "2345"]
[BlackElo "2291"]
[PlyCount "106"]

1. e4 e6 2. d4 d5 3. Nc3 Nf6 4. e5 Ne4 5. Nxe4 dxe4 6. Bc4 a6 7. c3 c5 8. d5 b5
9. Bb3 c4 10. dxe6 Qxd1+ 11. Bxd1 Bxe6 12. Bc2 Bd5 13. Bf4 Nd7 14. Rd1 Bb7 15.
Ne2 Nc5 16. O-O Nd3 17. b3 Bc5 18. bxc4 bxc4 19. Ba4+ Ke7 20. Bg3 Rhb8 21. Rb1
e3 22. f3 Bd5 23. Rfd1 g5 24. h4 h6 25. hxg5 hxg5 26. Bc2 Rb5 27. a4 Rbb8 28.
a5 Rb5 29. Rxb5 axb5 30. Ra1 Bb6 31. Rd1 Rxa5 32. Kh2 Ra2 33. Bxd3 cxd3 34.
Rxd3 Rd2 35. Rxd5 Rxd5 36. Kg1 Rd1+ 37. Kh2 Rd2 38. Ng1 e2 39. Nh3 Rd8 40. Nxg5
Rg8 41. Be1 Rxg5 42. g4 Rxe5 43. Kh3 Rd5 44. Kh2 Rd1 45. Bh4+ Kd6 46. g5 Kd5
47. g6 fxg6 48. f4 Ke4 49. c4 Kf3 50. cxb5 e1=Q 51. Bxe1 Rxe1 52. f5 Bc7+ 53.
Kh3 Rh1# 0-1

[Event "ICS rated blitz match"]
[Site "204.178.125.65"]
[Date "2000.04.16"]
[Round "?"]
[White "QueenMaxima"]
[Black "Hossa"]
[Result "0-1"]
[WhiteElo "2456"]
[BlackElo "2476"]
[PlyCount "145"]

1. d4 Nf6 2. c4 d6 3. Nc3 e5 4. Nf3 Nbd7 5. Bg5 exd4 6. Qxd4 Be7 7. O-O-O Nc5
8. h4 h6 9. Be3 O-O 10. Qf4 Ne6 11. Qf5 c6 12. g3 Nc7 13. Qd3 d5 14. Kb1 dxc4
15. Qxc4 Ncd5 16. Nxd5 Bf5+ 17. Ka1 cxd5 18. Qb3 Rc8 19. Qxb7 Rc7 20. Qa6 Bc2
21. Rc1 Ng4 22. Bf4 Nxf2 23. Bxc7 Qxc7 24. Bg2 Bf6 25. Qb5 Rb8 26. Rxc2 Rxb5
27. Rxc7 Bxb2+ 28. Kb1 Be5+ 29. Kc2 Bxc7 30. Rb1 Rc5+ 31. Kd2 Ne4+ 32. Kd3 Bxg3
33. e3 Rc3+ 34. Kd4 Rc2 35. Rg1 Rxa2 36. Kxd5 Ra4 37. Kc6 Ra3 38. Rb1 Rxe3 39.
Rb7 Re2 40. Bh3 Rc2+ 41. Kd5 Nc3+ 42. Kd4 Rc1 43. h5 g5 44. hxg6 fxg6 45. Kd3
a5 46. Be6+ Kh8 47. Rf7 g5 48. Kd2 Bf4+ 49. Rxf4 Rd1+ 50. Kxc3 gxf4 51. Bg4 Kg7
52. Nd4 Ra1 53. Kd3 Kf6 54. Ke4 a4 55. Nc2 Rc1 56. Kd3 Rg1 57. Bf3 Rg7 58. Kd4
Rd7+ 59. Kc3 Rc7+ 60. Kb2 Rc4 61. Be2 Rc5 62. Nb4 h5 63. Nd3 Rf5 64. Nf2 f3 65.
Bd3 Rd5 66. Ka3 Rd4 67. Bc2 Ke5 68. Bxa4 Kf4 69. Nd1 h4 70. Nf2 Ke3 71. Bd7
Rxd7 72. Ng4+ Ke2 73. Nh2 0-1

[Event "ICS Rated standard match"]
[Site "204.178.125.65"]
[Date "2000.04.16"]
[Round "?"]
[White "chuda"]
[Black "Hossa"]
[Result "0-1"]
[WhiteElo "2012"]
[BlackElo "2341"]
[PlyCount "122"]

1. e4 d5 2. exd5 Qxd5 3. Nc3 Qe6+ 4. Nge2 Nf6 5. d4 Qd7 6. g3 e6 7. Bg2 Be7 8.
O-O O-O 9. Bf4 Rd8 10. Ne4 Nxe4 11. Bxe4 Kh8 12. c3 a5 13. Bc2 Nc6 14. Nc1 Bf6
15. Nd3 Qe7 16. Qe2 a4 17. a3 Bg5 18. Bxg5 Qxg5 19. f4 Qb5 20. Rab1 Kg8 21. Qf3
g6 22. Nc5 Rxd4 23. cxd4 Nxd4 24. Qe3 Qxc5 25. Rbd1 e5 26. fxe5 Ne2+ 27. Kf2
Qxc2 28. Rd8+ Kg7 29. Rd2 Qc6 30. Qxe2 Bh3 31. Re1 Qg2+ 32. Ke3 Qc6 33. Qf3
Qb6+ 34. Ke2 h5 35. Qe3 Qe6 36. Kf2 h4 37. gxh4 Rh8 38. Rd4 b5 39. Rc1 Rh5 40.
Rc5 Qe7 41. Rxb5 Rf5+ 42. Kg3 c6 43. Ra5 c5 44. Re4 Qe6 45. Rxc5 Rf1 46. Rxa4
Qd7 47. Qd4 Qe6 48. Rb4 Kh7 49. Rc7 Kg7 50. a4 Kh7 51. a5 Qf5 52. Rc3 Bg4 53.
Kg2 Be2 54. Qe3 Bd1 55. a6 Bh5 56. Ra4 Rf3 57. Qe1 Bg4 58. Kg1 Bh3 59. Rxf3
Qxf3 60. Qf2 Qd1+ 61. Qf1 Qxf1# 0-1